LIBRARY & INFORMATION CENTRE, KCAET, TAVANUR

ONLINE PUBLIC ACCESS CATALOGUE (OPAC)

Metereological instruments / (Record no. 7078)

MARC details
000 -LEADER
fixed length control field 00488cam a2200193ua 4500
041 ## - LANGUAGE CODE
Language code of text/sound track or separate title eng
082 ## - DEWEY DECIMAL CLASSIFICATION NUMBER
Classification number 551.5
Item number MID/ME
100 ## - MAIN ENTRY--AUTHOR NAME
Personal name Middleton, Knowles W E .
245 ## - TITLE STATEMENT
Title Metereological instruments /
260 ## - PUBLICATION, DISTRIBUTION, ETC. (IMPRINT)
Place of publication :
Name of publisher University of Toronto Press ,
Year of publication 1960.
300 ## - PHYSICAL DESCRIPTION
Number of Pages 286 ; .
500 ## - GENERAL NOTE
General note **Reference
942 ## - ADDED ENTRY ELEMENTS (KOHA)
Koha item type Books
Holdings
Withdrawn status Lost status Damaged status Home library Current library Date acquired Full call number Accession Number Koha item type
Withdrawn     KAUAET KAUAET 07/04/2012 551.5 3563 Books
      KAUAET KAUAET 07/04/2012 551.5 4204 Reference
free website counter